| 000 | 00950nam a22002897a 4500 | ||
|---|---|---|---|
| 001 | BR8001143 | ||
| 003 | BR-BrBNA | ||
| 005 | 20230928090538.0 | ||
| 007 | ta | ||
| 008 | 230509b bl.||||| |||| 00| 0 por d | ||
| 040 |
_aBR-BrBNA _bpor _cBiblioteca Nacional de Agricultura |
||
| 041 | _a(Por) | ||
| 072 |
_aF30 _b0210 _b/G514 |
||
| 090 | _ 0210 BR8001143 | ||
| 100 | 1 | _aPinto, L.R.M. | |
| 110 | 1 |
_aUniversidade Federal de Vicosa, MG (Brasil) _0Tese (Magister Scientiae) |
|
| 245 | 1 | _aCorrelacoes entre varios caracteres agronomicos em batateira (Solanum tuberosum L.) | |
| 246 | 1 | _a[Correlations between several agronomic characters in potato plant [Solanum tuberosum L.]] | |
| 260 | 3 |
_aVicosa, MG (Brasil): _c1979. |
|
| 300 | _a34 p. | ||
| 500 | _a7 tables; 32 ref.; Summary (Por) | ||
| 650 | _aMelhoramento genetico vegetal | ||
| 650 | _aBatata | ||
| 650 | _aGenetica vegetal | ||
| 909 |
_a202309 _bLucia _c55 _dLucia Elande |
||
| 942 | _cBK | ||
| 999 |
_c29294 _d29294 |
||